| 000 | 00923cam a22002531 4500 | ||
|---|---|---|---|
| 001 | e 43000018 | ||
| 003 | DLC | ||
| 005 | 20260227111231.0 | ||
| 008 | 821103s1942 nyu 000 0 eng c | ||
| 010 | _ae 43000018 | ||
| 035 | _a(OCoLC)8919761 | ||
| 040 |
_aU. S. Off. of educ. Library _cICarbS _dDLC |
||
| 042 | _apremarc | ||
| 050 | 0 | 0 |
_aLA337 _b.C65 |
| 082 | _a370.4 | ||
| 100 | 1 |
_aCole, Ernest Ethelbert, _d1871- |
|
| 245 | 1 | 0 |
_aAddresses and papers, _cby Ernest E. Cole, president of the University of the state of New York and state commissioner of education, 1940-42. |
| 260 |
_a[Albany] _bThe University of the state of New York press _c [1942] |
||
| 300 |
_a88 p. _c23 cm. |
||
| 490 | 1 |
_aUniversity of the state of New York bulletin _vno. 1235... May 1, 1942 |
|
| 650 | 0 |
_aEducation _zNew York (State) |
|
| 650 | 0 | _aEducation. | |
| 810 | 2 |
_aUniversity of the State of New York. _tBulletin. |
|
| 999 |
_c21913 _d21913 |
||